000 00430nam a2200181Ia 4500
001 10244
005 20260306161818.0
008 260306t2019||||xx |||||||||||||| ||spa||
041 _aESP
082 _a909.82
_bH22
100 _aHarari, Yuval Noaḥ,
_eAUT
245 0 _a21 lecciones para el siglo XXI
260 _c2019
300 _a398 páginas :
_c23 cm.
650 _aGEN
654 _aCHU
942 _cLIB
_dJUS
_fJUS
_2ddc
_n
999 _c10244
_d10244